Economist (Record no. 118660)
[ view plain ]
| 000 -LEADER | |
|---|---|
| fixed length control field | 00575cas a22002295a 4500 |
| 001 - CONTROL NUMBER | |
| control field | L67 |
| 008 - FIXED-LENGTH DATA ELEMENTS--GENERAL INFORMATION | |
| fixed length control field | 070622c1843 xxkwr p 0 a0eng |
| 022 0# - INTERNATIONAL STANDARD SERIAL NUMBER | |
| International Standard Serial Number | 0013-0613 |
| 035 ## - SYSTEM CONTROL NUMBER | |
| System control number | (Sirsi) u99114 |
| 041 0# - LANGUAGE CODE | |
| Language code of text/sound track or separate title | eng |
| 245 00 - TITLE STATEMENT | |
| Title | Economist |
| 260 ## - PUBLICATION, DISTRIBUTION, ETC. | |
| Place of publication, distribution, etc. | London |
| Name of publisher, distributor, etc. | Economist |
| Date of publication, distribution, etc. | 1843- |
| 362 0# - DATES OF PUBLICATION AND/OR SEQUENTIAL DESIGNATION | |
| Dates of publication and/or sequential designation | October 1995- |
| 510 2# - CITATION/REFERENCES NOTE | |
| Name of source | Knowledge Alert |
| Location within source | 2006- |
| 520 ## - SUMMARY, ETC. | |
| Summary, etc. | Kept for one year |
| 554 ## - | |
| -- | Weekly |
| 651 #4 - SUBJECT ADDED ENTRY--GEOGRAPHIC NAME | |
| Geographic name | International |
| 690 ## - LOCAL SUBJECT ADDED ENTRY--TOPICAL TERM (OCLC, RLIN) | |
| Topical term or geographic name as entry element | MANAGEMENT |
| 856 41 - ELECTRONIC LOCATION AND ACCESS | |
| Uniform Resource Identifier | <a href="https://www.rics.org/ejournals">https://www.rics.org/ejournals</a> |
| Public note | eJournals coming Spring 2023 |
| 942 ## - ADDED ENTRY ELEMENTS (KOHA) | |
| Suppress in OPAC | 0 |
| 948 ## - LOCAL PROCESSING INFORMATION (OCLC); SERIES PART DESIGNATOR (RLIN) | |
| c (OCLC) | 16/02/1994 |
| Withdrawn status | Lost status | Source of classification or shelving scheme | Damaged status | Not for loan | Home library | Current library | Shelving location | Date acquired | Total Checkouts | Full call number | Barcode | Date last seen | Price effective from | Koha item type |
|---|---|---|---|---|---|---|---|---|---|---|---|---|---|---|
| Other/Generic Classification Scheme | London | London | Gallery | 21/04/2004 | ECONOMIST | 99114-1001 | 06/08/2019 | 06/08/2019 | Journal | |||||
| Dewey Decimal Classification | Virtual | Virtual | Online | 05/07/2007 | ONLINE PUBLICATION | 99114-2001 | 06/08/2019 | 06/08/2019 | Journal |